000
00193 a2200097 4500
001
10458
100
_a
ramsey, A
245
_a
Dynamics
260
_a
_b
English Language
_c
090
_c
8083
_d
8083
942
_a
NUST-CAE
_c
_c
34804
999
_c
245531
_d
245531